Statistics for Simpsons Last Names Quiz

Click here to take the quiz!

General Stats

  • This quiz has been taken 23,031 times
  • The average score is 14 of 22

Answer Stats

First Name Last Name % Correct
BartSimpson
100%
NedFlanders
94%
C. MontgomeryBurns
89%
KentBrockman
78%
SeymourSkinner
78%
RalphWiggum
74%
WaylonSmithers
73%
SelmaBouvier
73%
JebediahSpringfield
69%
EdnaKrabappel
68%
BarneyGumble
63%
TroyMcClure
61%
NelsonMuntz
61%
MilhouseVan Houten
58%
JimboJones
58%
RainierWolfcastle
55%
HelenLovejoy
49%
LionelHutz
48%
MartinPrince
45%
HansMoleman
43%
OttoMann
39%
CookieKwan
34%

Score Distribution

Percentile by Number Answered

Percent of People with Each Score

Your Score History

You have not taken this quiz